| 000 | 00688nas a2200241 4500 | ||
|---|---|---|---|
| 001 | BR0705222 | ||
| 003 | BR-BrBNA | ||
| 005 | 20231205111148.0 | ||
| 007 | ta | ||
| 008 | 230509b bl.|||p| |||| 00| 00por d | ||
| 040 |
_aBR-BrBNA _bpor _cBiblioteca Nacional de Agricultura |
||
| 041 | _a(Pt) | ||
| 072 | _aH10 | ||
| 100 | 1 | _aAlbuquerque, L.P. de | |
| 245 | 1 | _aObservações sobre ataque de insetos em folhas de Marantaceae | |
| 650 | _aINSETO | ||
| 650 | _aFOLHA | ||
| 650 | _aMARANTACEAE | ||
| 650 | _aAMAZONAS | ||
| 773 | 0 |
_tActa Amazonica (Brazil) _xISSN 0044-5967 _g(Dec 1974), v. 4(3) p. 57-61 _wBR0705222 |
|
| 909 |
_a202311 _bLúcia _c55 _dLúcia Elande |
||
| 942 |
_2AGRIS _n0 _cANA |
||
| 999 |
_c191040 _d191040 |
||